| 000 | 00572nam a2200169 4500 | ||
|---|---|---|---|
| 008 | 170330b xxu||||| |||| 00| 0 eng d | ||
| 020 | _a0-534-25014-9 | ||
| 082 |
_21996 _aDC 150 _bK12 |
||
| 100 |
_919648 _aKalat, James W. |
||
| 245 |
_aIntroduction to psychology/ _cJames W. Kalat. |
||
| 250 | _a4th Edition. | ||
| 260 |
_aPacific Groove, California: _bBrooks/Cole Publishing Company, _cc1996. |
||
| 300 |
_axxxvi, 765 pages: _bcolor illustrations; _c28 cm. |
||
| 500 | _aIncludes bibliographical references and indexes. | ||
| 650 | 0 |
_919649 _aPsychology. |
|
| 942 |
_2ddc _cDC |
||
| 999 |
_c6495 _d6495 |
||